Southville International School and Colleges
Your cart is empty.
  • Cart
  • Lists
    Public lists Eva Luna New books Lux_list list_1
    Your lists Log in to create your own lists
  • Log in to your account
  • Your cookies
  • Search history
Southville International School and Colleges
  • Advanced search
  • Recent comments
  • Most popular
  • Libraries

Log in to your account

Log in with GOOGLE


If you do not have an external account, but do have a local account, you can still log in:

  1. Home
  2. MARC view: Organizational behavior : concepts controversies, applications /
Normal view MARC view ISBD view

Organizational behavior : concepts controversies, applications / (Record no. 283834)

[ view plain ]
MARC details
000 -LEADER
fixed length control field 00684nam a2200217 a 4500
003 - CONTROL NUMBER IDENTIFIER
control field PILC
005 - DATE AND TIME OF LATEST TRANSACTION
control field 20150505134800.0
008 - FIXED-LENGTH DATA ELEMENTS--GENERAL INFORMATION
fixed length control field 020823s19uu xx 00 eng d
020 ## - INTERNATIONAL STANDARD BOOK NUMBER
International Standard Book Number 0138574596
050 ## - LIBRARY OF CONGRESS CALL NUMBER
Classification number HD 58.7
Item number .R62 1997
082 ## - DEWEY DECIMAL CLASSIFICATION NUMBER
Classification number 658.3
100 ## - MAIN ENTRY--PERSONAL NAME
Personal name Robbins, Stephen P.
245 ## - TITLE STATEMENT
Title Organizational behavior : concepts controversies, applications /
Statement of responsibility, etc Stephen P. Robbins.
250 ## - EDITION STATEMENT
Edition statement 8th ed.
260 ## - PUBLICATION, DISTRIBUTION, ETC. (IMPRINT)
Place of publication, distribution, etc Upper Saddle River, N.J. :
Name of publisher, distributor, etc Pearson Prentice Hall,
Date of publication, distribution, etc 1997.
300 ## - PHYSICAL DESCRIPTION
Extent xxi, 675 pages :
Other physical details chiefly illustrations ;
Dimensions 25 cm.
500 ## - GENERAL NOTE
General note Includes appendix, index, and glindex.
650 ## - SUBJECT ADDED ENTRY--TOPICAL TERM
Topical term or geographic name as entry element Organizational behavior.
942 ## - ADDED ENTRY ELEMENTS (KOHA)
Koha item type Books
Source of classification or shelving scheme Library of Congress Classification
Holdings
Withdrawn status Lost status Source of classification or shelving scheme Damaged status Home library Current library Shelving location Date acquired Source of acquisition Total Checkouts Full call number Barcode Date last seen Price effective from Koha item type
    Library of Congress Classification   Southville International School Affiliated with Foreign Universities Library Southville International School Affiliated with Foreign Universities Library Southville Foreign University Section 05/05/2015 Library Fund   HD 58.7 .R62 1997 SFU1862 05/15/2018 05/05/2015 Books

Organizational behavior : concepts controversies, applications /

APA

Robbins S. P., . (1997). Organizational behavior : concepts controversies, applications. Upper Saddle River, N.J: Pearson Prentice Hall.

Chicago

Robbins Stephen P, . 1997. Organizational behavior : concepts controversies, applications. Upper Saddle River, N.J: Pearson Prentice Hall.

Harvard

Robbins S. P., . (1997). Organizational behavior : concepts controversies, applications. Upper Saddle River, N.J: Pearson Prentice Hall.

MLA

Robbins Stephen P, . Organizational behavior : concepts controversies, applications. Upper Saddle River, N.J: Pearson Prentice Hall. 1997.

  • Place hold
  • Print
  • Cite
  • Add to your cart (remove)
  • Save record
    BIBTEX Dublin Core MARCXML MARC (non-Unicode/MARC-8) MARC (Unicode/UTF-8) MARC (Unicode/UTF-8, Standard) MODS (XML) RIS
  • More searches
    Search for this title in:
    Other Libraries (WorldCat) Other Databases (Google Scholar) Online Stores (Bookfinder.com) Open Library (openlibrary.org)

Exporting to Dublin Core...

SOUTHVILLE LIBRARY

Southville International School and Colleges Library

1281 Tropical Ave. Cor. Luxembourg St., BF Homes International, Las Pinas City

Tel. No. 8256374 / 252358 Loc. 117/146

Powered by Koha